| 000 | 00883nam a22003017a 4500 | ||
|---|---|---|---|
| 001 | 6511 | ||
| 003 | FISKH | ||
| 005 | 20250507121249.0 | ||
| 008 | 250507b cb ||||| |||| 00| 0 eng d | ||
| 020 | _a9780307119728 | ||
| 040 |
_aOCl _cDLC _dDLC _beng |
||
| 050 | _aPZ7.M462 J | ||
| 082 | _a881.823 | ||
| 100 | 1 |
_aMayer, Mercer, _d(1943-) |
|
| 245 | 1 | 0 |
_aJust shopping with mom / _cby Mercer Mayer. |
| 250 | _aThis edition first published in 2006 | ||
| 260 |
_aNew York : _bRandom, _c1989. |
||
| 300 |
_a23 pages : _bcolor illustrations ; _c21 cm. |
||
| 505 | _aJ | ||
| 520 | _aThe Little Critters go shopping with their Mom. | ||
| 521 | 8 |
_a450
_bLexile |
|
| 521 | 8 |
_aJ
_bRaz-Plus |
|
| 650 | 0 |
_aShopping _xJuvenile fiction. |
|
| 650 | 0 | _aPicture books for children. | |
| 906 |
_a7 _bcbc _ccopycat _d3 _eocip _f19 _gy-gencatlg |
||
| 942 |
_2ddc _cBK _n0 |
||
| 999 |
_c6511 _d6511 |
||